An investigation into linguistic features of repetition in business speeches in English and Vietnamese
Introduction; Literature review and theoretical background; methods and procedures...
保存先:
| 第一著者: | |
|---|---|
| その他の著者: | |
| フォーマット: | 不明 |
| 言語: | English |
| 出版事項: |
Đà Nẵng :
Đại học Đà Nẵng,
2010.
|
| 主題: | |
| タグ: |
タグ追加
タグなし, このレコードへの初めてのタグを付けませんか!
|
| Thư viện lưu trữ: | Mạng thư viện Đại học Đà Nẵng |
|---|
| LEADER | 02865na a2200373 4500 | ||
|---|---|---|---|
| 001 | 000031771 | ||
| 003 | 7148 | ||
| 005 | 20230726104758.0 | ||
| 008 | 151001s2010 DN 000 eng | ||
| 040 | |a LNN | ||
| 041 | |a ENG | ||
| 082 | |a 420.33 |b LÊ-D | ||
| 100 | 1 | |a Lê, Thị Thùy Dương. | |
| 245 | 1 | 3 | |a An investigation into linguistic features of repetition in business speeches in English and Vietnamese |h [Thesis-Luận văn thạc sĩ] / |c Lê Thị Thùy Dương; Phan Văn Hoà hướng dẫn. |
| 260 | |a Đà Nẵng : |b Đại học Đà Nẵng, |c 2010. | ||
| 300 | |a 89tr. ; |c 29 cm. + |e 1 tóm tắt. | ||
| 500 | |a M.A thesis in the English language. | ||
| 520 | 3 | |a Introduction; Literature review and theoretical background; methods and procedures... | |
| 630 | 0 | 4 | |a Tiếng Anh. |
| 650 | 0 | 4 | |a English language |x Business speeches. |
| 700 | 1 | |a Phan Văn Hòa, |c Assoc.Prof.Ph.D, |e Hướng dẫn. | |
| OWN | |a LNN | ||
| AVA | |a UDN50 |b LNN |c English |d 420.33 LÊ-D |e available |t Error 5001 Not defined in file expand_doc_bib_avail. |f 1 |g 0 |h N |i 0 |j AN |k 1 | ||
| Z40 | 3 | |y An investigation into linguistic features of repetition in business speeches in English and Vietname |l Library of UFL |t VIEW |x http://catalog.udn.vn:80/F?func=service&doc_library=UDN01&local_base=UDN01&doc_number=000031771&sequence=000001&line_number=0001&func_code=DB_RECORDS&service_type=MEDIA |f TOMTATLV_000033971.pdf |e pdf |s 000583324 |k 20240416 |m NTMTHI | |
| Z40 | 3 | |y An investigation into linguistic features of repetition in business speeches in English and Vietname |l Library of UFL |t VIEW |x http://catalog.udn.vn:80/F?func=service&doc_library=UDN01&local_base=UDN01&doc_number=000031771&sequence=000002&line_number=0002&func_code=DB_RECORDS&service_type=MEDIA |f LUANVAN-noidung_000033973.pdf |e pdf |s 001169335 |k 20240416 |m NTMTHI | |
| 999 | |a From the UDN01 | ||
| AVA | |a UDN50 |b LNN |c English |d 420.33 LÊ-D |e available |t Error 5001 Not defined in file expand_doc_bib_avail. |f 1 |g 0 |h N |i 0 |j AN |k 1 | ||
| TYP | |a Printed language | ||
| 856 | |y An investigation into linguistic features of repetition in business speeches in English and Vietname |l Library of UFL |t VIEW |x http://catalog.udn.vn:80/F?func=service&doc_library=UDN01&local_base=UDN01&doc_number=000031771&sequence=000001&line_number=0001&func_code=DB_RECORDS&service_type=MEDIA |f TOMTATLV_000033971.pdf |e pdf |s 000583324 |k 20240416 |m NTMTHI | ||
| 856 | |y An investigation into linguistic features of repetition in business speeches in English and Vietname |l Library of UFL |t VIEW |x http://catalog.udn.vn:80/F?func=service&doc_library=UDN01&local_base=UDN01&doc_number=000031771&sequence=000002&line_number=0002&func_code=DB_RECORDS&service_type=MEDIA |f LUANVAN-noidung_000033973.pdf |e pdf |s 001169335 |k 20240416 |m NTMTHI | ||
| 980 | |a Mạng thư viện Đại học Đà Nẵng | ||